00783cam a2200217Mi 450000500170000000800410001702000180005802000150007603500210009104000500011204100080016224500880017026000650025830000540032350400410037765000180041865000260043665000320046265000280049470000430052220150622133232.0150622s2013 sp ad fr 000 0 spa d a9788499842264 a8499842267 a(OCoLC)898471355 aCO-BoUCMbspacJose A. GerenadJose A. Gerena0 aspa00aImpactos de la dimensión cultural en el desarrollo ccoordiandor Alfons Martinell aGerona (Cataluña, España)bDocumenta Universitariac2013 a222 páginasbilustraciones, cuadros, gráficas aIncluye referencias bibliográficas 7aSociología  7aCultura y desarrollo  7aPobreza xAspectos sociales 7aIndicadores culturales 1 aMartinell Sempere, Alfonsecoordinador